| 000 | 01124nam a22002897a 4500 | ||
|---|---|---|---|
| 999 |
_c21933 _d21933 |
||
| 003 | AR-CdUCM | ||
| 008 | 190504b ||||| |||| 00| 0 spa d | ||
| 020 | _a9786124464003 | ||
| 040 |
_aMUNICIPALIDAD PROVINCIAL DEL CUSCO _cBIBLIOTECA MUNICIPAL DEL CUSCO |
||
| 082 |
_a306.43/J10 _bJ10 |
||
| 245 |
_aJusticia y educación : saberes y prácticas inclusivas en América y Europa / _cMarianella Ledesma Narváez, coordinadora |
||
| 260 |
_aLima : _bTribunal Constitucional del Perú, _bCentro de Estudios Constitucionales, _c2019. |
||
| 300 |
_a649 páginas. : _c24 cm. |
||
| 440 |
_aColección Derecho y Sociedad _946908 |
||
| 500 | _zIncluye referencias bibliográficas. | ||
| 650 |
_aSociología de la educación _910577 |
||
| 650 |
_aJusticia social _97632 |
||
| 650 |
_aIgualdad en la educación _945141 |
||
| 650 |
_aDemocracia y educación _927252 |
||
| 650 |
_aEducación _9460 |
||
| 650 |
_aEnsayos _946909 |
||
| 650 |
_aConferencias _9376 |
||
| 700 |
_aLedesma Narváez, Marianella _ecoordinadora _946910 |
||
| 700 |
_aRamos Núñez, Carlos Augusto _edirector _946911 |
||
| 942 |
_2ddc _cLIBROS |
||
| 945 | _ar.a.c | ||